Reciprocity (Record no. 158575)

MARC details
000 -LEADER
campo de control de longitud fija 00774nam a22002055i 4500
001 - NÚMERO DE CONTROL
campo de control 158575
003 - IDENTIFICADOR DE NÚMERO DE CONTROL
campo de control ES-MaACL
005 - FECHA Y HORA DE LA ÚLTIMA TRANSACCIÓN
campo de control 20250117214016.0
008 - DATOS DE LONGITUD FIJA--INFORMACIÓN GENERAL
campo de control de longitud fija 040901s1879 xxk |||| | eng d
040 ## - FUENTE DE CATALOGACIÓN
Centro catalogador/agencia de origen CAM
Lengua de catalogación spa
Centro/agencia transcriptor CAM
100 1# - ENTRADA PRINCIPAL--NOMBRE DE PERSONA
Nombre de persona Mallet, Louis.
9 (RLIN) 129389
245 10 - MENCIÓN DEL TÍTULO
Título Reciprocity
Resto del título : a letter addressed to Thomas Bayley Potter as Chairman of the Committe of the Cobden Club /
Mención de responsabilidad, etc. by Louis Mallet.
260 ## - PUBLICACIÓN, DISTRIBUCIÓN, ETC.
Lugar de publicación, distribución, etc. London [etc.] :
Nombre del editor, distribuidor, etc. Cassell Petter & Galpin,
Fecha de publicación, distribución, etc. [s.a.]
300 ## - DESCRIPCIÓN FÍSICA
Extensión 31 p. ;
Dimensiones 19 cm.
596 ## - NOTA AL PIE DE IMPRENTA
NOTA AL PIE DE IMPRENTA Carta fechada en 1879.
710 2# - ENTRADA AGREGADA--NOMBRE DE ENTIDAD CORPORATIVA
Nombre de entidad corporativa o nombre de jurisdicción como elemento de entrada Cobden Club (London, England)
9 (RLIN) 2870
852 ## - LOCALIZACIÓN
Ubicación ES-MaACL
Número de control de estantería T-1302-F-11
Nota libre -- Enc. hol. conservando la cub. original
-- -- Donativo Bosch
-- -- Enc. en un vol. facticio
Ubicación en estantería Depósito folletos
942 ## - ELEMENTOS DE ENTRADA SECUNDARIOS (KOHA)
Fuente del sistema de clasificación o colocación Clasificación decimal universal
Holdings
Estatus retirado Estado de pérdida Fuente del sistema de clasificación o colocación Estado de daño No para préstamo Colección Biblioteca de origen Biblioteca actual Ubicación en estantería Fecha de adquisición Total de préstamos Signatura topográfica completa Código de barras Visto por última vez Precio de reemplazo Tipo de ítem Koha
    Clasificación decimal universal     Colección de folletos Biblioteca del Ateneo de Madrid Biblioteca del Ateneo de Madrid Depósito folletos 17/01/2008   T-1302-F-11 1165975 23/02/2023 23/02/2023 Folleto